000 01236nam a22003857a 4500
003 CHAP
005 20220817044130.0
008 061030d2002 it d rn 00110 fre d
010 _a92957
011 _a93929
020 _a9252045937
035 _a104512
040 _cCHAP
082 0 4 _a630
_bF3f v. 145
110 2 _aFAO
245 1 0 _aL'agriculture contractuelle:
_bdes partenariats pour la croissance
_c/by Charles Eaton et Andrew W. Shepherd
260 _aRome :
_bFAO,
_c2002
300 _a173 p. :
_bcuadros ; tablas ; diagramas
410 2 1 _aFAO
490 0 _aFAO. Servicios agrícolas
_v; 145
590 _aBATCH-UPD
_b10
_c20130110
_lUCH01
_h0816
590 _aBATCH-UPD
_b10
_c20130410
_lUCH01
_h0454
590 _aBATCH-UPD
_b10
_c20130914
_lUCH01
_h0018
590 _aCONVERSION
_b10
_c20130109
_lUCH01
_h1351
650 1 4 _aAgricultura contractual.
_91944
650 1 4 _aAgricultura
_xConvenios.
_91379
700 0 _aEaton, Charles.
_935014
700 0 _aShepherd, Andrew W.
_9105629
810 0 _aFAO
830 0 0 _aFAO. Servicios agrícolas
_v; 145
_939697
901 _aBK
905 _aMarco A. Mendoza T.
942 _cLIBRO
949 _a630 F3f v.145
_bBC
_cFAO
_d33724000997094
_eFAO1
_gDonaciØn
_h108369
_i104512
_sb
999 _c92957
_d92957